00746nam a22001937a 450000500170000001000150001702000260003203500140005803700090007208200150008124500980009625000060019426001030020027001460030330000210044970000280047070000290049870000250052720240828154310.0 aENG-141527 a9789354093401c700.00 aEN-125059 bDBAD a940.35421 aIndian Armed Forces in World War-1/cEdited By U.P. Thapiyal; Reva Dhanedhar [and] Om Shankar a1 aNew DelhibPublication Division Ministry of Information and Broadcasting Government of Indiac2022 aPublication Division Ministry of Information and Broadcasting Government of India, Soochna Bhawan, CGO Complex, Lodhi RoadbNew Delhie110003 a340p.:c24cm(hb) aThapiyal, U.P. eEditor aDhanedhar, Reva eEditor aShankar, Om eEditor